¿Es sostenible la globalización en América Latina? : (Registro nro. 30047)
[ vista simple ]
| 000 -LEADER | |
|---|---|
| fixed length control field | 01550cam a2200337 i 4500 |
| 001 - CONTROL NUMBER | |
| control field | 30047 |
| 003 - CONTROL NUMBER IDENTIFIER | |
| control field | Mx-PuUPA |
| 005 - DATE AND TIME OF LATEST TRANSACTION | |
| control field | 20240812102249.0 |
| 008 - FIXED-LENGTH DATA ELEMENTS--GENERAL INFORMATION | |
| fixed length control field | 140415s2003 mx d gr 000 0 spa d |
| 020 ## - INTERNATIONAL STANDARD BOOK NUMBER | |
| International Standard Book Number | 9562890406 |
| Qualifying information | v.1 |
| 020 ## - INTERNATIONAL STANDARD BOOK NUMBER | |
| International Standard Book Number | 9562890392 |
| Qualifying information | obra completa |
| 040 ## - CATALOGING SOURCE | |
| Transcribing agency | Mx-PuUPA |
| Original cataloging agency | Mx-PuUPA |
| Language of cataloging | spa |
| Modifying agency | Mx-PuUPA |
| Description conventions | rda |
| 041 0# - LANGUAGE CODE | |
| Language code of text/sound track or separate title | spa |
| 245 04 - TITLE STATEMENT | |
| Title | ¿Es sostenible la globalización en América Latina? : |
| Remainder of title | debates con Manuel Castells. |
| Number of part/section of a work | Volumen 1. |
| Name of part/section of a work | La globalización y América Latina: asignaturas pendientes / |
| Statement of responsibility, etc. | Fernando Calderón, coordinador |
| 246 3# - VARYING FORM OF TITLE | |
| Title proper/short title | La globalización y América Latina : |
| Remainder of title | asignaturas pendientes. |
| 250 ## - EDITION STATEMENT | |
| Edition statement | Primera edición |
| 264 #1 - PRODUCTION, PUBLICATION, DISTRIBUTION, MANUFACTURE, AND COPYRIGHT NOTICE | |
| Place of production, publication, distribution, manufacture | México, D.F : |
| Name of producer, publisher, distributor, manufacturer | Fondo de Cultura Económica, |
| Date of production, publication, distribution, manufacture, or copyright notice | 2003 |
| 300 ## - PHYSICAL DESCRIPTION | |
| Extent | 2 volúmenes paginación varía : |
| Other physical details | gráficas, diagramas, tablas ; |
| Dimensions | 23 cm |
| 336 ## - CONTENT TYPE | |
| Fuente | rdacontent |
| Content type term | texto |
| Content type code | txt |
| 337 ## - MEDIA TYPE | |
| Source | rdamedia |
| Media type term | sin medio |
| Media type code | n |
| 338 ## - CARRIER TYPE | |
| Source | rdacarrier |
| Carrier type term | volumen |
| Carrier type code | nc |
| 490 0# - SERIES STATEMENT | |
| Series statement | Sección de obras de Sociología |
| 650 #7 - SUBJECT ADDED ENTRY--TOPICAL TERM | |
| Source of heading or term | armarc |
| 9 (RLIN) | 13986 |
| Topical term or geographic name entry element | Globalización |
| General subdivision | Condiciones sociales |
| Geographic subdivision | América Latina, 1982 |
| Form subdivision | Congresos, conferencias, etc. |
| 650 #7 - SUBJECT ADDED ENTRY--TOPICAL TERM | |
| Source of heading or term | armarc |
| Topical term or geographic name entry element | Desarrollo económico |
| General subdivision | Aspectos sociales |
| Geographic subdivision | América Latina |
| Form subdivision | Congresos, conferencias, etc. |
| 650 #7 - SUBJECT ADDED ENTRY--TOPICAL TERM | |
| Source of heading or term | armarc |
| Topical term or geographic name entry element | Innovaciones tecnológicas |
| General subdivision | Aspectos sociales |
| Geographic subdivision | América Latina |
| Form subdivision | Congresos |
| 700 1# - ADDED ENTRY--PERSONAL NAME | |
| Personal name | Calderón, Fernando, |
| Relator term | coordinador |
| 942 ## - ADDED ENTRY ELEMENTS (KOHA) | |
| Source of classification or shelving scheme | Dewey Decimal Classification |
| Koha item type | Libro |
| Classification part | 337.1 |
| Item part | S715 |
| Withdrawn status | Lost status | Source of classification or shelving scheme | Damaged status | Not for loan | Collection code | Home library | Current library | Shelving location | Date acquired | Source of acquisition | Total Checkouts | Full call number | Barcode | Date last seen | Copy number | Price effective from | Koha item type |
|---|---|---|---|---|---|---|---|---|---|---|---|---|---|---|---|---|---|
| Dewey Decimal Classification | General | Biblioteca Karol Wojtyla | Biblioteca Karol Wojtyla | Sala general | 03/12/2013 | Donación | 337.1 S715 2003 | 49462 | 05/01/2026 | Ej.2 | 03/12/2013 | Libro | |||||
| Dewey Decimal Classification | General | Biblioteca Karol Wojtyla | Biblioteca Karol Wojtyla | Sala general | 03/12/2013 | Donación | 337.1 S715 2003 | 49441 | 05/01/2026 | 03/12/2013 | Libro |